000 00704cam a22002291 4500
001 ne 63000369
003 DLC
005 20260227111742.0
008 881102s1962 ua b 000 0 ara
010 _ane 63000369
035 _a(OCoLC)23519593
040 _aDLC
_cMiU
_dCU
_dDLC
042 _apremarc
043 _af-ua---
050 0 0 _aHD7239
_b.I76 1962
100 1 _aʻĪsá, Muḥammad Ṭalʻat.
245 1 3 _aal-Taʼmīn al-ijtimāʻī,
_bfalsafatuhu wa-taṭbīqātuh.
260 _aal-Qāhirah,
_bMaktabat al-Qāhirah al-Ḥadīthah
_c[1962]
300 _a364 p.
_c24 cm.
504 _aIncludes bibliographical references (p. 367-384).
650 0 _aSocial security
_zUnited Arab Republic.
999 _c45600
_d45600